Elementa physicae conscripta in usus academicos. (Record no. 160450)
[ view plain ]
| 000 -LEADER | |
|---|---|
| campo de control de longitud fija | 01499nam a22002895i 4500 |
| 001 - NÚMERO DE CONTROL | |
| campo de control | 160450 |
| 003 - IDENTIFICADOR DE NÚMERO DE CONTROL | |
| campo de control | ES-MaACL |
| 005 - FECHA Y HORA DE LA ÚLTIMA TRANSACCIÓN | |
| campo de control | 20250725062544.0 |
| 008 - DATOS DE LONGITUD FIJA--INFORMACIÓN GENERAL | |
| campo de control de longitud fija | 990716s1794 it |||| | lat d |
| 040 ## - FUENTE DE CATALOGACIÓN | |
| Centro catalogador/agencia de origen | CAV |
| Lengua de catalogación | spa |
| Centro/agencia transcriptor | CAV |
| 080 ## - NÚMERO DE LA CLASIFICACIÓN DECIMAL UNIVERSAL | |
| Número de la Clasificación Decimal Universal | 53 |
| 100 1# - ENTRADA PRINCIPAL--NOMBRE DE PERSONA | |
| Nombre de persona | Musschenbroek, Peter van, |
| Fechas asociadas al nombre | 1692-1761 |
| Término indicativo de función/relación | Autor |
| 9 (RLIN) | 130303 |
| 245 10 - MENCIÓN DEL TÍTULO | |
| Título | Elementa physicae conscripta in usus academicos. |
| Número de parte o sección de la obra | Tomus primus / |
| Mención de responsabilidad, etc. | conscripta ... a Petro van Musschenbroek ... dissertatio physico-historica De rerum corporearum origine, ac demum de rebus Caelestibus tractatus ; opera et studio V. Cl. Antonii Genuensis |
| 250 ## - MENCION DE EDICION | |
| Mención de edición | Editio quinta veneta |
| 260 ## - PUBLICACIÓN, DISTRIBUCIÓN, ETC. | |
| Lugar de publicación, distribución, etc. | Bassani ; prostant Venetiis : |
| Nombre del editor, distribuidor, etc. | apud Remondini, |
| Fecha de publicación, distribución, etc. | 1794 |
| 300 ## - DESCRIPCIÓN FÍSICA | |
| Extensión | 451 páginas, [XI] hojas de láminas plegadas ; |
| Dimensiones | 8º. |
| 597 #1 - NOTA A LA DESCRIPCION FISICA | |
| Nota | Sign.: A-Dd8, Ee10. |
| 650 #7 - PUNTO DE ACCESO ADICIONAL DE MATERIA--TÉRMINO DE MATERIA | |
| Término de materia o nombre geográfico como elemento de entrada | Física |
| Fuente del encabezamiento o término | embne |
| 9 (RLIN) | 12877 |
| 700 1# - ENTRADA AGREGADA--NOMBRE PERSONAL | |
| Nombre de persona | Genovesi, Antonio, |
| Fechas asociadas al nombre | 1713-1769 |
| Término indicativo de función/relación | Editor literario |
| 9 (RLIN) | 56347 |
| 700 1# - ENTRADA AGREGADA--NOMBRE PERSONAL | |
| Nombre de persona | Remondini, Giuseppe, |
| Fechas asociadas al nombre | fl.1773-1811 |
| Término indicativo de función/relación | Impresor |
| 9 (RLIN) | 241383 |
| 752 ## - ENTRADA AGREGADA--NOMBRE JERÁRQUICO DEL LUGAR | |
| País o entidad superior | Italia - |
| Ciudad | Bassano |
| 752 ## - ENTRADA AGREGADA--NOMBRE JERÁRQUICO DEL LUGAR | |
| País o entidad superior | Italia - |
| Ciudad | Venecia |
| 852 ## - LOCALIZACIÓN | |
| Ubicación | ES-MaACL |
| Ubicación en estantería | Depósito |
| Signatura antigua | Olim: G-8673-74 |
| Marcas de propiedad | Ex-libris ms. de Manuel María del Mármol |
| Anotaciones manuscritas | An. ms.: "En los exámenes generales de física celebrados en la Universidad de Sevilla, los días 23 y 24 de abril de 1819, se adjudicó esta obra y el Compendio de la metaphisica del Genovesi como premio a D. Manuel Gallardo. Sevilla, 24 de abril de 1819" |
| Número de control de estantería | R-962-63 |
| Encuadernación | Piel |
| 942 ## - ELEMENTOS DE ENTRADA SECUNDARIOS (KOHA) | |
| Tipo de ítem Koha | Libro impreso antiguo |
| Suprimir en OPAC | No |
| Estatus retirado | Estado de pérdida | Estado de daño | No para préstamo | Colección | Biblioteca de origen | Biblioteca actual | Ubicación en estantería | Fecha de adquisición | Total de préstamos | Signatura topográfica completa | Código de barras | Visto por última vez | Precio de reemplazo | Tipo de ítem Koha |
|---|---|---|---|---|---|---|---|---|---|---|---|---|---|---|
| Libros del s. XVIII | Biblioteca del Ateneo de Madrid | Biblioteca del Ateneo de Madrid | Depósito | 17/01/2008 | R-962-63 | 1168004 | 23/02/2023 | 23/02/2023 | Libro impreso antiguo |
